LEADER 01488nam a2200289 a 4500 001 000000029678 003 CaOOAMICUS 005 20101014165800.0 008 970516s1989 be u000 u lat r 035 $a10761838 040 $aAAR$bita$dPUL(R) 245 00$aThesaurus Augustinianus.$nSeries A,$pFormae /$ccurante CETEDOC, Universitas Catholica Lovaniensis, Lovanii Novi. 260 $aTurnhout :$bBrepols,$c1989. 300 $alxx, 700 p. ;$c32 cm +$e248 microfiches in raccoglitore, 2 p. "Codes et titres des Oeuvres" e 1 c. "Codes et sigles" 490 1 $aCorpus Christianorum.$aThesaurus Patrum Latinorum 500 $aSul front.: "Enumeratio formarum". 546 $aIntroduzione in francese. 600 04$aAugustinus,$cs., vesc. d'Ippona,$d354-430$xIndici$xConcordanze.$0(OLS)http://pul/subject/17018 710 2 $aCETEDOC.$0(OLS)http://pul/name/21 830 0$aCorpus Christianorum.$pThesaurus Patrum Latinorum.$0(OLS)http://pul/title/4558 850 $aPUL 852 $aPUL$W1$xSL Cons. Gen., Altre Classi 1$y1$m2008 G 1.3$j141936$nBK-PRI$qStampati$B41083$CPULBib$Z2$F41083 $H61880 $82 852 $aPUL$W1$xSL Cons. Gen., Altre Classi 1$y1$m2008 G 1.3bis$j141937$nBK-PRI$aRaccoglitore microfiches$qStampati$B140910$CPULBib$Z2$F140910 $82 941 1 $a8 996 $6245$aThesaurus Augustinianus.$nSeries A,$pFormae$9(OLS)http://pul/title/40661 996 $6260$aTurnhout :$bBrepols$9(OLS)http://pul/publisher/47850 LEADER 01181nam a2200301 u 4500 001 000000088092 003 CaOOAMICUS 005 20070226124457.0 008 051025s1968 it u000 u ita u 035 $a11065503 040 $aPUL(R)$bita 041 1 $aita$hfre 100 1 $aCarré, Ambroise-Marie,$cO.P.,$d1908-$0(OLS)http://pul/name/39822 240 10$aMère du Christ, mère des hommes.$lItaliano.$0(OLS)http://pul/title/113886 245 10$aMadre di Cristo, Madre degli uomini /$cAmbroise-M. Carré. 260 $aBrescia :$bMorcelliana,$cc1968. 300 $a173 p. ;$c19 cm 490 1 $aIl pellicano 504 $aInclude riferimenti bibliografici. 600 04$aMaria Virgo,$cs.$0(OLS)http://pul/subject/500 830 3$aIl pellicano.$0(OLS)http://pul/title/350 850 $aPUL 852 $aPUL$W1$xDP1 Fondo Pastorale$y55$mP4 E 25$j111621$nBK-PRI$b $qFondi$B111621$CPULBib$Z2$F111621 $H $81 941 1 $a1 960 $aMariologia$9500 960 $aMariologia$9500 996 $6245$aMadre di Cristo, Madre degli uomini$9(OLS)http://pul/title/113887 996 $6260$aBrescia :$bMorcelliana$9(OLS)http://pul/publisher/47854